01158cam a2200325 i 4500001000700000003000900007005001700016007000700033008004800040015000600088017000900094020001600103035000600119040002500125080000600150100002500156240004400181245014200225260005900367300003100426490002400457500004800481500004100529500006400570500007700634521003100711700003100742700003500773830002400808000664DO-SdBNP20180209101010.0000664161108b 1995 sp a ||||| |||| 00| 0 spa d a  a b  a8420448834  a  aBPMSUbspacBPMSUe  a 1 aBoie, Kirstend1950-1 aPaule ist ein Glücksgriff.lEspañol10a¡Qué suerte hemos tenido con Paule! /cKirsten Goie ; traducción de Rosa Pilar Blanco ; ilustraciones de Magdalene Hanke-Basfeld.h  aMadrid :bAlfaguara,c1995.g(2a. reimpresión, 1995) a126 p. : bil. ; c20 cm. 1 aAlfaguara infantil  aPara niños a partir de los 10 años.  aSegunda reimpresión: febrero 1995 aIncluye datos del autor en la solapa de la contracubierta. aTraducción de: Anton und der kleine Vampir der geheimnisvolle Patient  aA partir de los 10 años.12aBlanco, Rosa Pilar, etr. 12aHanke-Basfeld, Magdalene,eil. 0aAlfaguara infantil